| 000 | 00561nam a2200193 a 4500 | ||
|---|---|---|---|
| 005 | 20230905063619.0 | ||
| 008 | 991125s1996 mad 000 0 spa u | ||
| 020 | _a847030416X | ||
| 035 | _aUPN01000020340 | ||
| 049 | _aCG | ||
| 050 | 4 |
_aGV706.4 _bL6.3 |
|
| 100 | 1 | _aLorenzo González, José | |
| 245 | 1 | 3 |
_aEl entrenamiento psicológico en los deportes / _cJosé Lorenzo González. |
| 260 |
_aMadrid : _bBiblioteca Nueva, _c1996. |
||
| 300 |
_a196 p. : _bil. |
||
| 440 | 0 | _aDeportes | |
| 650 | 0 |
_aDeportes _xAspectos psicológicos _912171 |
|
| 905 | _aLibro | ||
| 999 |
_c20340 _d20340 |
||